Acquisitions / (Record no. 5172)
[ view plain ]
| 000 -LEADER | |
|---|---|
| fixed length control field | 00896nam a22002057a 4500 |
| 008 - FIXED-LENGTH DATA ELEMENTS--GENERAL INFORMATION | |
| fixed length control field | 120914t xxu||||| |||| 00| 0 eng d |
| 020 ## - INTERNATIONAL STANDARD BOOK NUMBER | |
| International Standard Book Number | 9-7819-0762-4186 |
| 082 ## - DEWEY DECIMAL CLASSIFICATION NUMBER | |
| Classification number | 636 |
| Item number | DEN |
| 100 ## - MAIN ENTRY--PERSONAL NAME | |
| Personal name | Denicolo, Marie-anne |
| 9 (RLIN) | 6620 |
| 245 ## - TITLE STATEMENT | |
| Title | Acquisitions / |
| Statement of responsibility, etc | Denicolo, Marie-anne |
| 260 ## - PUBLICATION, DISTRIBUTION, ETC. (IMPRINT) | |
| Place of publication, distribution, etc | Guildford : |
| Name of publisher, distributor, etc | college of law publishing |
| Date of publication, distribution, etc | 2011 |
| 300 ## - PHYSICAL DESCRIPTION | |
| Extent | xv. ; 187 p. : |
| Dimensions | 30 cm. |
| 500 ## - GENERAL NOTE | |
| General note | Includes Index |
| 650 ## - SUBJECT ADDED ENTRY--TOPICAL TERM | |
| Topical term or geographic name as entry element | Economics |
| 9 (RLIN) | 6621 |
| 650 ## - SUBJECT ADDED ENTRY--TOPICAL TERM | |
| Topical term or geographic name as entry element | Acquisitions |
| 9 (RLIN) | 6622 |
| 942 ## - ADDED ENTRY ELEMENTS (KOHA) | |
| Source of classification or shelving scheme | Dewey Decimal Classification |
| Item type | Books |
| Withdrawn status | Lost status | Source of classification or shelving scheme | Damaged status | Not for loan | Home library | Current library | Date acquired | Total Checkouts | Full call number | Barcode | Date last seen | Copy number | Price effective from | Koha item type | Public note |
|---|---|---|---|---|---|---|---|---|---|---|---|---|---|---|---|
| Dewey Decimal Classification | Archives | Archives | 09/14/2012 | 636 DEN | 3921/2012 | 09/14/2012 | 1 | 09/14/2012 | Books | Reserve book | |||||
| Dewey Decimal Classification | Archives | Archives | 09/14/2012 | 636 DEN | 3922/2012 | 09/14/2012 | 2 | 09/14/2012 | Books | Reserve book | |||||
| Dewey Decimal Classification | Archives | Archives | 09/14/2012 | 636 DEN | 3923/2012 | 09/14/2012 | 3 | 09/14/2012 | Books | Reserve book |
